Online
Catalog
Normal view MARC view

Entry Término temático

Number of records used in: 18

001 - NÚMERO DE CONTROL

  • campo de control: 3186

003 - IDENTIFICADOR DEL NÚMERO DE CONTROL

  • campo de control: BNPHU

005 - FECHA Y HORA DE LA ÚLTIMA TRANSACCIÓN

  • campo de control: 20240514124352.0

008 - DATOS DE LONGITUD FIJA

  • campo de control de longitud fija: 200615|| aca||aabn | a|a d

010 ## - NÚMERO DE CONTROL DE LA BIBLIOTECA DEL CONGRESO

  • Número de control de LC: sh 85041014

040 ## - FUENTE DE LA CATALOGACIÓN

  • Centro catalogador/agencia de origen: DO-SdBNP
  • Lengua de catalogación: spa
  • Centro/agencia transcriptor: BNPHU
  • Normas de descripción: rda

150 ## - ENCABEZAMIENTO--TÉRMINO DE MATERIA

  • Término de materia o nombre geográfico como elemento de entrada: Educación
  • Subdivisión general: Filosofía

450 ## - TRAZADO DE VÉASE--TÉRMINO DE MATERIA

  • Término de materia o nombre geográfico como elemento de entrada: Filosofía de la educación

450 ## - TRAZADO DE VÉASE--TÉRMINO DE MATERIA

  • Término de materia o nombre geográfico como elemento de entrada: Filosofía de la enseñanza

450 ## - TRAZADO DE VÉASE--TÉRMINO DE MATERIA

  • Término de materia o nombre geográfico como elemento de entrada: Education
  • Subdivisión general: Philosophy

550 ## - TRAZADO VÉASE ADEMÁS--TÉRMINO DE MATERIA

  • Término de materia o nombre geográfico como elemento de entrada: Antropología educativa
  • Subcampo de control: h

550 ## - TRAZADO VÉASE ADEMÁS--TÉRMINO DE MATERIA

  • Término de materia o nombre geográfico como elemento de entrada: Educación progresiva
  • Subcampo de control: h

550 ## - TRAZADO VÉASE ADEMÁS--TÉRMINO DE MATERIA

  • Término de materia o nombre geográfico como elemento de entrada: Humorismo en la educación
  • Subcampo de control: h

670 ## - FUENTE DE DATOS ENCONTRADOS

  • Cita de la fuente: Work cat.: (OSt)889: Riestra, Miguel A. 3185, Fundamentos filosóficos de la educación /, 1970.

670 ## - FUENTE DE DATOS ENCONTRADOS

  • Cita de la fuente: LEMB Digital, 14 de Mayo, 2024
  • Información encontrada: (Filosofía de la educación, Filosofía de la enseñanza)

670 ## - FUENTE DE DATOS ENCONTRADOS

  • Identificador Uniforme del Recurso: https://authorities.loc.gov/cgi-bin/Pwebrecon.cgi?AuthRecID=4692941&v1=1&HC=4&SEQ=20240514123713&PID=x3R97BFLsyQAahMFWASbUd9H4NZM Consultado en 14 de Mayo, 2024

670 ## - FUENTE DE DATOS ENCONTRADOS

  • Identificador Uniforme del Recurso: https://librunam.dgb.unam.mx:8443/F/4I7VAIEKLMU93PQUUX93LJGIQH5XUL3MGX88HJ7LRC2E7AIA74-05513?func=full-set-set&set_number=008713&set_entry=000001&format=001 Consultado en 14 de Mayo, 2024

Powered by Koha